LIBRARY & INFORMATION CENTRE, KCAET, TAVANUR

ONLINE PUBLIC ACCESS CATALOGUE (OPAC)

Guide for agricultural competitive examinations (Record no. 13784)

MARC details
000 -LEADER
fixed length control field 00492nam a22001937a 4500
008 - FIXED-LENGTH DATA ELEMENTS--GENERAL INFORMATION
fixed length control field 231010b |||||||| |||| 00| 0 eng d
020 ## - INTERNATIONAL STANDARD BOOK NUMBER
ISBN 978-93-5124-820-0
041 ## - LANGUAGE CODE
Language code of text/sound track or separate title eng
082 ## - DEWEY DECIMAL CLASSIFICATION NUMBER
Classification number 630.1
Item number SHA/GU
100 ## - MAIN ENTRY--AUTHOR NAME
Personal name Sharma, R. K
245 ## - TITLE STATEMENT
Title Guide for agricultural competitive examinations
250 ## - EDITION STATEMENT
Edition statement 3
260 ## - PUBLICATION, DISTRIBUTION, ETC. (IMPRINT)
Place of publication Delhi
Name of publisher Daya Publishing House
Year of publication 2017
300 ## - PHYSICAL DESCRIPTION
Number of Pages 412
700 ## - ADDED ENTRY--PERSONAL NAME
Personal name Pandey,N
700 ## - ADDED ENTRY--PERSONAL NAME
Personal name Singh, A.P
700 ## - ADDED ENTRY--PERSONAL NAME
Personal name Maitry, R.S
942 ## - ADDED ENTRY ELEMENTS (KOHA)
Koha item type Books
Holdings
Withdrawn status Lost status Damaged status Collection code Home library Current library Shelving location Date acquired Source of acquisition Cost, normal purchase price Full call number Accession Number Koha item type
      Non-fiction KAUAET KAUAET General Stacks 31/03/2012 IBPSS, New Delhi 250.00 630.1 SHA/GU 23423 Books
        KAUAET KAUAET General Stacks 25/01/2018   345.00 630.1 SHA/GU 25468 Books
free website counter